Federalismo (Record no. 112758)
[ view plain ]
| 000 -LEADER | |
|---|---|
| fixed length control field | 00894cam a2200241 4500 |
| 005 - DATE AND TIME OF LATEST TRANSACTION | |
| control field | 20240216145235.0 |
| 008 - FIXED-LENGTH DATA ELEMENTS--GENERAL INFORMATION | |
| fixed length control field | 070314s sp 000 0 eng u |
| 020 ## - INTERNATIONAL STANDARD BOOK NUMBER | |
| International Standard Book Number | 8497723627 |
| 050 04 - LIBRARY OF CONGRESS CALL NUMBER | |
| Classification number | JC355 |
| Item number | J67 2004 |
| 111 1# - MAIN ENTRY--MEETING NAME | |
| Meeting name or jurisdiction name as entry element | Jornadas Internacionales sobre Federalismo |
| Date of meeting | (2002 : |
| Location of meeting | Gipuzkoa, España) |
| 245 10 - TITLE STATEMENT | |
| Title | Federalismo |
| Remainder of title | : federalism |
| Statement of responsibility, etc | / Manuel Calvo-García, William L. F. Felstiner (coords.). |
| 250 ## - EDITION STATEMENT | |
| Edition statement | 1a ed. |
| 260 ## - PUBLICATION, DISTRIBUTION, ETC. (IMPRINT) | |
| Place of publication, distribution, etc | Madrid : |
| Name of publisher, distributor, etc | Dykinson : |
| -- | Instituto Internacional de Sociología Jurídica de Oñati, |
| Date of publication, distribution, etc | 2004 |
| 300 ## - PHYSICAL DESCRIPTION | |
| Extent | 243 p. ; |
| Dimensions | 21 cm. |
| 490 0# - SERIES STATEMENT | |
| Series statement | Colección Oñati : |
| -- | Derecho y sociedad |
| 504 ## - BIBLIOGRAPHY, ETC. NOTE | |
| Bibliography, etc | Incluye referncias bibliográficas |
| 546 ## - LANGUAGE NOTE | |
| Language note | Español e Inglés |
| 650 #4 - SUBJECT ADDED ENTRY--TOPICAL TERM | |
| Topical term or geographic name as entry element | Gobierno federal |
| 650 #4 - SUBJECT ADDED ENTRY--TOPICAL TERM | |
| Topical term or geographic name as entry element | Federalismo. |
| 700 1# - ADDED ENTRY--PERSONAL NAME | |
| Personal name | Calvo-García, Manuel, |
| Relator term | coordinador. |
| 700 1# - ADDED ENTRY--PERSONAL NAME | |
| Personal name | Felstiner, William L. F., |
| Relator term | coordinador. |
| 942 ## - ADDED ENTRY ELEMENTS (KOHA) | |
| Source of classification or shelving scheme | Biblioteca del Cogreso de los Estados Unidos |
| Koha item type | Libro |
| Estado de pérdida | Fuente de clasificación | Estado del daño | No para préstamo | Ubicación permanente | Ubicación actual | Apartado o colección | Fecha de adquisición | Edición | Dependencia de educación superior (DES) | Área del conocimiento | Clasificación | Código de Barras | Date last seen | Número de copia | Costo por reposición | Tipo de recurso | Fuente de adquisición |
|---|---|---|---|---|---|---|---|---|---|---|---|---|---|---|---|---|---|
| Biblioteca del Cogreso de los Estados Unidos | Uso interno Biblioteca | Biblioteca de la Facultad de Economía | Biblioteca de la Facultad de Economía | General | 16/02/2024 | 1a ed. | Ciencias Económico Administrativas | Ciencias Sociales y Administrativas | JC355 J67 2004 | BFE000001510 | 12/04/2018 | 1 | 1.00 | Libro | |||
| Biblioteca del Cogreso de los Estados Unidos | Biblioteca de la Facultad de Economía | Biblioteca de la Facultad de Economía | General | 16/02/2024 | 1a ed. | Ciencias Económico Administrativas | Ciencias Sociales y Administrativas | JC355 J67 2004 | BFE000001511 | 12/04/2018 | 2 | 1.00 | Libro | Programa Integral de Fortalecimiento Institucional 2012 |